Countries that Beat Poland - Statistics

General Stats
  • This quiz has been taken 28 times
  • The average score is 10 of 15
Answer Stats
Rank Category Countries % Correct
3 Most Catholic Christians in Europe France / Italy
100%
4 First country in space (Countries no longer exist) Soviet Union / United States / Czechoslovakia
85%
3 Countries with most Ukrainians (Excluding Ukraine) Germany / Russia
81%
3 Largest Slavic country Russia / Ukraine
81%
4 Biggest apple production China / Turkey / United States
78%
4 Biggest furniture exporter Germany / China / Italy
74%
3 Most populous country starting on "P" Pakistan / Philippines
74%
4 Tallest church in the world France / Germany / Ivory Coast
70%
6 Highest alcohol consumption per capita Lithuania / Latvia / Czechia / Estonia / Austria
70%
2 Home appliance production China
67%
2 Tallest building in Europe Russia
67%
2 Most populous country ending with "land" Thailand
59%
2 Highest GDP growth (1990-2022) China
52%
8 Most people living abroad (%) Ireland / Mexico / New Zealand / Portugal /Luxembourg / Iceland / Lithuania
44%
2 (t) Lowest unemployment rate in Europe Czechia
33%
No matching quizzes found
Score Distribution
Percent of People with Each Score
Percentile by Number Answered
Your Score History
You have not taken this quiz